| 000 | 00368cam a2200145ua 4500 | ||
|---|---|---|---|
| 041 |
_aeng _h |
||
| 082 |
_a657.834 _bBHA/EN |
||
| 100 | _aBhaskar, S . | ||
| 245 |
_aEngineering economics and management / _cS Bhaskar. _hTextual Documents |
||
| 260 |
_aTamilnadu : _bAnuradha agencies , _c2000. |
||
| 300 | _a ; . | ||
| 504 | _a | ||
| 942 | _cBK | ||
| 999 |
_c13243 _d13243 |
||